00000000cas 2200000zi 4500
0019.955497
003CaOODSP
00520260603115412
006m     o  d f      
007cr cn ||||||||
008250918c20259999oncar p o    f0###a0eng|d
022 |a2819-6562
040 |aCaOODSP|beng|erda|cCaOODSP
043 |an-cn---
0861 |aT91-9E-PDF
1101 |aCanada. |bHousing, Infrastructure and Communities Canada, |eauthor, |eissuing body.
222 0|aFinancial statements (unaudited) for the period of ... |b(Canada. Housing, Infrastructure and Communities Canada)
24510|aFinancial statements (unaudited) for the period of ... / |cHousing, Infrastructure and Communities Canada.
264 1|a[Ottawa] : |bHousing, Infrastructure and Communities Canada, |c[2025]-
310 |aAnnual
336 |atext|btxt|2rdacontent
337 |acomputer|bc|2rdamedia
338 |aonline resource|bcr|2rdacarrier
3621 |aBegan with: June 20, 2024 to March 31, 2025.
500 |aIssued also in French under title: États financiers (non vérifiés) pour l'exercice du ...
515 |aIssues for June 20, 2024 to March 31, 2025- called also FY 2024/2025-
588 |aDescription based on: June 20, 2024 to March 31, 2025; title from PDF cover page.
588 |aLatest issue consulted: June 20, 2024 to March 31, 2025.
61010|aCanada. |bHousing, Infrastructure and Communities Canada|vPeriodicals.
650 0|aFinancial statements, Unaudited|zCanada|vPeriodicals.
650 0|aFinance, Public|zCanada|vPeriodicals.
655 7|aPeriodicals|2lcgft
77508|tÉtats financiers (non vérifiés) pour l'exercice du ... / |w(CaOODSP)9.955496
78000|tFinancial statements (unaudited) for the year ended ... / |w(CaOODSP)9.904445